000
00308nam a2200133Ia 4500
003
OSt
005
20240318161111.0
008
170524s9999 xx 000 0 und d
020
_a
9789387067028
040
_c
IIMT UNIVERSITY
100
_a
NORTON- PETER
245
0
_a
INTRODUCTION TO COMPUTER
942
_2
ddc
_c
02
999
_c
9956
_d
9956